| 000 | 00791cam a22002291 4500 | ||
|---|---|---|---|
| 001 | sa 68018064 | ||
| 003 | DLC | ||
| 005 | 20260227112708.0 | ||
| 008 | 720728s1968 xx 000 0 ind | ||
| 010 | _asa 68018064 | ||
| 035 | _a(OCoLC)368332 | ||
| 040 |
_aDLC _cOAU _dDLC |
||
| 042 | _apremarc | ||
| 050 | 0 | 0 |
_aHX44 _b.A23 |
| 100 | 1 |
_aAbidin, Andi Zainal, _d1926- |
|
| 245 | 1 | 0 |
_aBahaja komunisme; _bkepalsuan ideologi dan politiknja, kebengisan strategi, taktik dan propagandanja, fakta-faktanja diseluruh dunia _c[oleh] A. Z. Abidin [dan] Baharuddin Lopa. Prakata: Soeharto [dan] Soegih Arto. |
| 260 |
_aDjakarta, _b"Bulan Bintang," _c1968. |
||
| 300 |
_a256 p. _bports. _c21 cm. |
||
| 504 | _aBibliography: p. 250-252. | ||
| 650 | 0 | _aCommunism. | |
| 700 | 1 |
_aLopa, Baharuddin, _d1934- |
|
| 999 |
_c88152 _d88152 |
||